El supremo renacimiento : (Registro nro. 12921)

Detalles MARC
000 -LIDER
fixed length control field 00604nam a22001817a 4500
003 - IDENTIFICACDOR DE NÚMERO DE CONTROL
control field DO-SdBNP
005 - DATE AND TIME OF LATEST TRANSACTION
control field 20171129153405.0
008 - ELEMENTOS DE LONGITUD FIJA
fixed length control field 171116b 1973 sp ||||| |||| 00| 0 spa d
040 ## - FUENTE DE CATALOGACIÓN
Agencia que crea de manera original el registro BPMSU
Idioma de catalogación spa
Agencia que realiza la transcripción BPMSU
092 ## - LOCALLY ASSIGNED DEWEY DECIMAL CALL NUMBER
Número de clasificación xxxx
Número de ítem (Cutter) xxxx
100 1# - ASIENTO PRINCIPAL -- NOMBRE PERSONAL
Nombre personal Mariotti, Federico A. P.
245 10 - MENCIÓN DE TITULO
Título El supremo renacimiento :
Subtítulo emocionantes experiencias de un viaje maravilloso /
Mención de responsabilidad Federico A. P. Mariotti.
260 ## - PUBLICACIÓN, DISTRIBUCIÓN, ETC. (PIE DE IMPRENTA)
Lugar de publicación, distribución, etc Barcelona :
Nombre del editor, distribuidor, etc. Mundo Hispano,
Fecha de publicación, distribución, etc 1973.
300 ## - DESCRIPCIÓN FÍSICA
Extensión 255 p. :
Otros detalles físicos il. ;
Dimensiones 21 cm.
942 ## - ADDED ENTRY ELEMENTS (KOHA)
Source of classification or shelving scheme Dewey Decimal Classification
Koha item type Libros
945 ## - INFORMACIÓN DE PROCESAMIENTO LOCAL
Información de procesamiento local Inventariado extranjero / 2017 BT
956 ## - LOCAL ELECTRONIC LOCATION AND ACCESS (OCLC)
Nombre de host LOPEREZ
Número de acceso 10
Información de compresión 20171116
Procesador de solicitud 0041
Existencias
Withdrawn status Lost status Source of classification or shelving scheme Damaged status Not for loan Collection code Home library Current library Date acquired Source of acquisition Total Checkouts Barcode Date last seen Price effective from Koha item type
    Dewey Decimal Classification     Colección General Biblioteca Pública Metropolitana Salomé Ureña Biblioteca Pública Metropolitana Salomé Ureña 11/16/2017 FUNDI   BPMSU17110229 11/16/2017 11/16/2017 Libros